000 00699nam a22002177a 4500
999 _c64186
_d64186
005 20240530110719.0
008 180319s2017 ua g 000 f ara d
017 _a2016/14487
_bمصر. دار الكتب
020 _a9789777950701
040 _aEG-CaGPL
_cEG-CaGPL
082 0 4 _221
_a813.03/
_bن ك
100 0 _aناصر عراق
245 1 2 _aالكومبارس :
_bرواية /
_cناصر عراق .
250 _aط.3
260 _aالقاهرة :
_bالدار المصرية اللبنانية ،
_c2017 .
300 _a319 ص. ؛
_c19 سم.
650 0 7 _2qrmak
_aالقصص العربية
651 _2qrmak
942 _2ddc
_cBK